00517nam a2200181Ia 4500008004100000020001800041082000800059100002700067245003600094250000600130260002900136300001600165500002400181650001600205942000700221952009000228999001700318230524s9999 xx 000 0 und d a9788131503102 bNEI aPeter.V.O' Neil942340 0aAdvance Engineering Mathematics a2 aNew DelhibCengagec2008 a"XV,1194p;" aQuantity Number: 1 aMathematics cBK 00104070aTATCLbTATCLcGENd2023-05-24l0o NEIp53969r2023-05-24w2023-05-24yBK c56667d56667